Stations in Surrey - Statistics

General Stats
  • This quiz has been taken 19 times
  • The average score is 30 of 84
Answer Stats
Hint Answer % Correct
Guildford Guildford
92%
Elmbridge Walton-on-Thames
92%
Woking West Byfleet
83%
Elmbridge Weybridge
83%
Woking Woking
83%
Runnymead Chertsey
75%
Mole Valley Dorking
75%
Epsom & Ewell Epsom
75%
Elmbridge Esher
75%
Surrey Heath Camberley
67%
Waverley Godalming
67%
Elmbridge Hersham
67%
Reigate & Banstead Reigate
67%
Runnymead Addlestone
58%
Guildford Ash
58%
Runnymead Byfleet & New Haw
58%
Runnymead Virginia Water
58%
Guildford Ash Vale
50%
Surrey Heath Bagshot
50%
Woking Brookwood
50%
Epsom & Ewell Ewell West
50%
Surrey Heath Frimley
50%
Mole Valley Leatherhead
50%
Guildford London Road (Guildford)
50%
Reigate & Banstead Redhill
50%
Woking Worplesdon
50%
Reigate & Banstead Banstead
42%
Guildford Clandon
42%
Elmbridge Cobham & Stoke d'Aberdon
42%
Mole Valley Dorking Deepdene
42%
Mole Valley Dorking West
42%
Guildford Effingham
42%
Runnymead Egham
42%
Epsom & Ewell Ewell East
42%
Waverley Farncombe
42%
Waverley Farnham
42%
Guildford Gomshall
42%
Runnymead Longcross
42%
Waverley Milford
42%
Spelthorne Staines
42%
Spelthorne Sunbury (Surrey)
42%
Spelthorne Ashford (Surrey)
33%
Mole Valley Bookham
33%
Elmbridge Claygate
33%
Reigate & Banstead Epsom Downs
33%
Reigate & Banstead Horley
33%
Guildford Horsley
33%
Elmbridge Thames Ditton
33%
Guildford Wanborough
33%
Waverley Witley
33%
Mole Valley Ashstead
25%
Mole Valley Betchworth
25%
Tandridge Caterham
25%
Elmbridge Hampton Court
25%
Waverley Haslemere
25%
Elmbridge Hinchley Wood
25%
Elmbridge Oxshott
25%
Guildford Shalford
25%
Reigate & Banstead Earlswood
17%
Reigate & Banstead Merstham
17%
Tandridge Oxted
17%
Spelthorne Shepperton
17%
Reigate & Banstead Tadworth
17%
Mole Valley Box Hill & Westhumble
8%
Guildford Chilworth
8%
Spelthorne Kempton Park
8%
Reigate & Banstead Kingswood
8%
Guildford North Camp
8%
Reigate & Banstead Salfords
8%
Epsom & Ewell Stoneleigh
8%
Reigate & Banstead Tattenham Corner
8%
Spelthorne Upper Halliford
8%
Tandridge Upper Warlingham
8%
Tandridge Woldingham
8%
Reigate & Banstead Chipstead
0%
Tandridge Dormans
0%
Tandridge Godstone
0%
Mole Valley Holmwood
0%
Tandridge Hurst Green
0%
Tandridge Lingfield
0%
Tandridge Nutfield
0%
Mole Valley Ockley
0%
Tandridge Whyteleafe
0%
Tandridge Whyteleafe South
0%
No matching quizzes found
Score Distribution
Percent of People with Each Score
Percentile by Number Answered
Your Score History
You have not taken this quiz